00678nam a2200205Ia 4500008004100000020002300041040001900064041001200083082002800095100001700123245006100140260004200201300002100243504004000264650001600304850002100320942000700341999001700348952010700365131103s9999 xx 000 0 und d a019563047 5cRs.50 aLoreto College aEnglish a822.91/OSBbLCLIB/45645 aOsborne,John aLook back in angerb a play in three acts cJohn Osborne aBombaybOxford University Pressc1994 a157 p. c 22 cm. aIncludes bibliographical references aOsborn,John aLCLIB/822.91/OSB cBK c35910d86389 01102ddc4070aMAINbMAINd2013-11-04l0o822.91/OSB LCLIB/45645pB38770r2013-11-04w2013-11-04yBK